[Event "SVK-ch U16"]
[Site "Liptovsky Mikulas"]
[Date "2019.04.29"]
[Round "8"]
[White "Bobro, Jan"]
[Black "Blaho, Jakub"]
[Result "1-0"]
[WhiteElo "1760"]
[BlackElo "1584"]
[PlyCount "113"]
[EventDate "2019.04.23"]
[EventType "swiss"]
[EventRounds "9"]
[EventCountry "SVK"]
[SourceTitle "CBM 190 Extra"]
[Source "ChessBase"]
[SourceDate "2019.07.15"]
[SourceVersion "1"]
[SourceVersionDate "2019.07.15"]
[SourceQuality "1"]

1. c4 e5 2. Nc3 Nf6 3. g3 c6 4. Bg2 Be7 5. d4 d6 6. dxe5 dxe5 7. Qxd8+ Bxd8 8. Nf3 Nbd7 9. 0-0 0-0 10. b4 Rb8 11. Nd2 Nb6 12. Ba3 Re8 13. c5 Nbd5 14. Nxd5 Nxd5 15. Ne4 Bc7 16. Rfd1 h6 17. Rac1 Be6 18. Rd2 Red8 19. Nd6 Bxd6 20. cxd6 Nb6 21. Bb2 f6 22. Ba1 Nc4 23. Rd3 Rxd6 24. Rxc4 Rxd3 25. exd3 Bxc4 26. dxc4 Rd8 27. Bc3 Rd3 28. Ba1 Ra3 29. b5 cxb5 30. Bd5+ Kh7 31. cxb5 g6 32. Bb3 a5 33. Bb2 a4 34. Bc1 axb3 35. Bxa3 bxa2 36. Bb2 g5 37. Kf1 Kg6 38. Ke2 Kf5 39. Kd3 g4 40. Kc2 Ke4 41. Kb3 Kd3 42. Kxa2 Kc4 43. b6 Kb5 44. Bc1 Kxb6 45. Bxh6 f5 46. Kb3 Kc6 47. Kb4 Kd5 48. Be3 Ke4 49. Kc4 Kf3 50. Kd5 f4 51. Bb6 e4 52. gxf4 Kxf4 53. Bc7+ Kf3 54. Bg3 e3 55. fxe3 Kxe3 56. Kc5 Ke4 57. Kb6 1-0

[Event "SVK-ch U16"]
[Site "Liptovsky Mikulas"]
[Date "2019.04.25"]
[Round "4"]
[White "Mezes, Kristof"]
[Black "Blaho, Jakub"]
[Result "1/2-1/2"]
[WhiteElo "1588"]
[BlackElo "1584"]
[PlyCount "60"]
[EventDate "2019.04.23"]
[EventType "swiss"]
[EventRounds "9"]
[EventCountry "SVK"]
[SourceTitle "CBM 190 Extra"]
[Source "ChessBase"]
[SourceDate "2019.07.15"]
[SourceVersion "1"]
[SourceVersionDate "2019.07.15"]
[SourceQuality "1"]

1. d4 d5 2. c4 c6 3. Nc3 Bf5 4. Nf3 Nf6 5. e3 e6 6. cxd5 exd5 7. Bd3 Bg6 8. Bxg6 hxg6 9. 0-0 Bd6 10. Re1 Ne4 11. h3 Nd7 12. Qc2 Ndf6 13. a3 Qc7 14. Kf1 g5 15. Nxe4 Nxe4 16. Ke2 0-0-0 17. Kd1 f6 18. Qe2 Qa5 19. Bd2 Qa4+ 20. Kc1 Kb8 21. Kb1 Rde8 22. Rc1 Qb3 23. Be1 Re7 24. Nd2 Qb6 25. Ka2 Rhe8 26. Nb3 a6 27. Ba5 Qb5 28. Qxb5 axb5 29. Rc2 Bc7 30. Bb4 Bd6 1/2-1/2

[Event "SVK-ch U16"]
[Site "Liptovsky Mikulas"]
[Date "2019.04.24"]
[Round "3"]
[White "Blaho, Jakub"]
[Black "Gyuricsek, Szilard"]
[Result "0-1"]
[WhiteElo "1584"]
[BlackElo "1724"]
[PlyCount "108"]
[EventDate "2019.04.23"]
[EventType "swiss"]
[EventRounds "9"]
[EventCountry "SVK"]
[SourceTitle "CBM 190 Extra"]
[Source "ChessBase"]
[SourceDate "2019.07.15"]
[SourceVersion "1"]
[SourceVersionDate "2019.07.15"]
[SourceQuality "1"]

1. d4 g6 2. Bf4 Bg7 3. e3 Nf6 4. Bd3 d5 5. c3 Nh5 6. Bg3 Nxg3 7. hxg3 Qd6 8. Nd2 Nd7 9. Ngf3 c5 10. 0-0 c4 11. Bc2 0-0 12. e4 e6 13. Re1 a5 14. a4 Rb8 15. Rb1 b5 16. e5 Qc7 17. axb5 Rxb5 18. Qc1 Rb6 19. Nf1 f6 20. exf6 Bxf6 21. Ne3 Bg7 22. Ng4 Qb7 23. Nh4 Nf6 24. Ne5 Ne8 25. Re2 Nd6 26. Nhxg6 hxg6 27. Nxg6 Rf6 28. Qg5 Nf7 29. Qh5 Rxb2 30. Rbe1 Rxc2 31. Rxc2 Rf5 32. Qe2 Qc7 33. Nh4 Rf6 34. Nf3 a4 35. Ra1 Bd7 36. Rca2 Qa5 37. Qc2 Qc7 38. Qb2 e5 39. dxe5 Nxe5 40. Nxe5 Qxe5 41. Rc1 Bh6 42. Rb1 Rf8 43. Ra3 Bg7 44. Rc1 Rb8 45. Qc2 Rb3 46. Qa2 Bf8 47. Rxb3 cxb3 48. Qb2 Qe7 49. Ra1 Qe4 50. Rc1 Bh6 51. f4 Bf8 52. Kh2 Qh7+ 53. Kg1 Bc5+ 54. Kf1 Qh1+ 0-1

[Event "SVK-ch U16"]
[Site "Liptovsky Mikulas"]
[Date "2019.04.24"]
[Round "2"]
[White "Cedzo, Adam"]
[Black "Blaho, Jakub"]
[Result "1-0"]
[WhiteElo "1754"]
[BlackElo "1584"]
[PlyCount "45"]
[EventDate "2019.04.23"]
[EventType "swiss"]
[EventRounds "9"]
[EventCountry "SVK"]
[SourceTitle "CBM 190 Extra"]
[Source "ChessBase"]
[SourceDate "2019.07.15"]
[SourceVersion "1"]
[SourceVersionDate "2019.07.15"]
[SourceQuality "1"]

1. e4 e5 2. Nf3 Nf6 3. Nxe5 d6 4. Nf3 Nxe4 5. Nc3 d5 6. Qe2 Qd6 7. d3 Be7 8. dxe4 dxe4 9. Nxe4 Qg6 10. Nc3 c6 11. Nh4 Qf6 12. Nf3 0-0 13. Bg5 Qe6 14. Qxe6 Bxe6 15. Bxe7 Re8 16. 0-0-0 Nd7 17. Bh4 a5 18. Nd4 Nc5 19. Nxe6 Nxe6 20. Bc4 Nf4 21. Rd7 Rf8 22. Bg3 Ng6 23. Rxb7 1-0

[Event "SVK-ch U14"]
[Site "Liptovsky Mikulas"]
[Date "2018.04.27"]
[Round "9"]
[White "Mezes, Kristof"]
[Black "Blaho, Jakub"]
[Result "1/2-1/2"]
[WhiteElo "1625"]
[BlackElo "1512"]
[PlyCount "139"]
[EventDate "2018.04.21"]
[EventType "swiss"]
[EventRounds "9"]
[EventCountry "SVK"]
[SourceTitle "CBM 184 Extra"]
[Source "ChessBase"]
[SourceDate "2018.06.28"]
[SourceVersion "1"]
[SourceVersionDate "2018.06.28"]
[SourceQuality "1"]

1. d4 d5 2. c4 c6 3. Nc3 Nf6 4. Nf3 e6 5. Bg5 Nbd7 6. e3 Be7 7. cxd5 cxd5 8. Bd3 0-0 9. 0-0 h6 10. Bh4 b6 11. Qd2 Bb7 12. Bg3 Rc8 13. Rfc1 Ne4 14. Bxe4 dxe4 15. Ne5 Nxe5 16. Bxe5 a6 17. Ne2 Rxc1+ 18. Rxc1 Bd6 19. Bg3 Qd7 20. a3 Rd8 21. Rd1 g5 22. h3 f5 23. Qc2 Kg7 24. Qc3 Kg6 25. Qb3 b5 26. Bxd6 Qxd6 27. Nc3 h5 28. Qc2 Rc8 29. Qe2 g4 30. h4 g3 31. Qe1 gxf2+ 32. Qxf2 Kf6 33. Ne2 Rg8 34. Nf4 Rg4 35. Nxh5+ Kg6 36. Nf4+ Kf6 37. g3 Qb8 38. Kg2 Qg8 39. Rc1 Rxh4 40. Rh1 Rxh1 41. Kxh1 Qh7+ 42. Kg2 Bd5 43. Qc2 Qd7 44. Qc3 Kg5 45. Qc5 Kf6 46. Qf8+ Qf7 47. Qd8+ Kg7 48. Qg5+ Kf8 49. Qd8+ Kg7 50. Qb6 Qd7 51. Qxa6 Kf6 52. a4 bxa4 53. Nxd5+ Qxd5 54. Qxa4 Qb7 55. b4 Qc8 56. Qb3 Qc1 57. b5 Qe1 58. Qb2 Qxe3 59. b6 Qf3+ 60. Kh3 Qh5+ 61. Kg2 Qf3+ 62. Kh2 Qh5+ 63. Kg1 Qd1+ 64. Kh2 Qh5+ 65. Kg1 Qd1+ 66. Kf2 Qf3+ 67. Ke1 Qxg3+ 68. Kd1 Qd3+ 69. Ke1 Qg3+ 70. Kf1 1/2-1/2

[Event "SVK-ch U14"]
[Site "Liptovsky Mikulas"]
[Date "2018.04.24"]
[Round "5"]
[White "Blaho, Jakub"]
[Black "Cedzo, Adam"]
[Result "0-1"]
[WhiteElo "1512"]
[BlackElo "1703"]
[PlyCount "72"]
[EventDate "2018.04.21"]
[EventType "swiss"]
[EventRounds "9"]
[EventCountry "SVK"]
[SourceTitle "CBM 184 Extra"]
[Source "ChessBase"]
[SourceDate "2018.06.28"]
[SourceVersion "1"]
[SourceVersionDate "2018.06.28"]
[SourceQuality "1"]

1. e4 e5 2. Nf3 Nc6 3. Bb5 a6 4. Ba4 Nf6 5. Nc3 b5 6. Bb3 Be7 7. d3 0-0 8. 0-0 d6 9. h3 Be6 10. Be3 h6 11. Qd2 Nh7 12. Nd5 Kh8 13. d4 exd4 14. Nxd4 Nxd4 15. Nxe7 Nf3+ 16. gxf3 Qxe7 17. Qc3 Bxh3 18. Bxh6 Qf6 19. Qxf6 Nxf6 20. Be3 Bxf1 21. Kxf1 c5 22. a3 g6 23. Ke2 Kg7 24. Rg1 Rh8 25. Bd2 Rae8 26. Bc3 c4 27. Ba2 d5 28. Ke3 dxe4 29. fxe4 Rxe4+ 30. Kf3 Rh3+ 31. Kg2 Rxc3 32. bxc3 Rg4+ 33. Kf1 Rxg1+ 34. Kxg1 Ne4 35. a4 Nxc3 36. axb5 axb5 0-1